00421nam a2200145Ia 4500008004100000020001500041041000800056082001600064100002000080245009100100250000600191260003200197300001000229650003600239210716s2004 xx 000 0 und d a8176495360 aeng a658.81 MANK aMantyla, Karen. aConsultative sales power: achieving continuous success.bAchieving continuous success. a1 aNew DelhibViva Booksc2004 ax,116 aSales & Distribution Management